000 00192nam a2200085Ia 4500
008 120527s9999 xx 000 0 und d
100 _aDOLGOFF,Anatole
245 _aPhysical geology
942 _cBK
999 _c25086
_d25086